000 00657cam a2200169u 4500
001 000011545
005 20200929162503.0
008 801220s1969 ve ab 000 0 spa
040 _aDO-SdBNP
_bspa
_cBNPHU
082 _axxx
_bB699a
100 1 _aBonazzi, Augusto,
_927308
245 1 0 _aAgricultura en el desierto :
_bestudio sobre el cultivo de las regiones desérticas de la cuenca mediterránea: Israel, Grecia y Tripolitania /
_cAugusto Bonazzi y M. V. Bonazzi.
260 _aVenezuela :
_bUniversidad Central de Venezuela,
_c1969.
300 _a140, [3] p. :
_bil., mapas ;
_c23 cm.
590 _aInventariado, 2019/ YL
700 1 _aBonazzi, M. V.,
_927309
999 _c11240
_d11240